[Event "Johannesburg Redpath op"]
[Site "Johannesburg"]
[Date "2016.07.15"]
[Round "4"]
[White "Nyathi, Musa"]
[Black "Beukman, Eduan"]
[Result "0-1"]
[WhiteElo "1366"]
[BlackElo "1485"]
[PlyCount "102"]
[EventDate "2016.07.13"]
[EventType "swiss"]
[EventRounds "9"]
[EventCountry "RSA"]
[SourceTitle "CBM 173 Extra"]
[Source "ChessBase"]
[SourceDate "2016.08.29"]
[SourceVersion "1"]
[SourceVersionDate "2016.08.29"]
[SourceQuality "1"]

1. d4 d6 2. c4 Nd7 3. Nc3 e5 4. d5 Be7 5. e4 Ngf6 6. Bd3 c6 7. Be3 Qc7 8. Rc1 0-0 9. f3 Ne8 10. Nge2 g6 11. Bh6 Ng7 12. g4 Bh4+ 13. Kd2 Qd8 14. Kc2 cxd5 15. exd5 Nc5 16. Kb1 a6 17. Ng3 Qa5 18. Nge4 Nxe4 19. Nxe4 Rd8 20. Bxg7 Kxg7 21. Rc3 Qc7 22. Qe2 Bd7 23. c5 dxc5 24. Nxc5 Qb8 25. Rb3 b5 26. a4 Be7 27. Nxd7 Rxd7 28. axb5 a5 29. Be4 a4 30. Rc3 Bb4 31. Rc6 a3 32. Ra6 Rxa6 33. bxa6 Bc3 34. Ka2 axb2 35. Qc4 Bd4 36. Qb3 Qc7 37. Rb1 Rd6 38. Bd3 Qa5+ 39. Qa3 Qxd5+ 40. Qb3 Qc5 41. Qa3 Qxa3+ 42. Kxa3 Bc5+ 43. Ka4 Rxd3 44. Rxb2 Rxf3 45. Kb5 Bd4 46. Rd2 Rb3+ 47. Ka4 Rb6 48. Rc2 Rxa6+ 49. Kb5 Rb6+ 50. Ka5 Rb1 51. Rd2 Bc3+ 0-1

[Event "RSA-ch U16"]
[Site "Bloemfontein"]
[Date "2016.03.24"]
[Round "9"]
[White "Booysen, Antonio"]
[Black "Beukman, Eduan"]
[Result "1-0"]
[WhiteElo "1607"]
[BlackElo "1520"]
[PlyCount "38"]
[EventDate "2016.03.20"]
[EventType "swiss"]
[EventRounds "11"]
[EventCountry "RSA"]
[SourceTitle "CBM 171 Extra"]
[Source "ChessBase"]
[SourceDate "2016.04.26"]
[SourceVersion "1"]
[SourceVersionDate "2016.04.26"]
[SourceQuality "1"]

1. e4 d6 2. d4 Nf6 3. Nc3 e5 4. dxe5 dxe5 5. Qxd8+ Kxd8 6. Bc4 Bb4 7. Bd2 Ke7 8. f3 c6 9. 0-0-0 b5 10. Bb3 Na6 11. Nge2 Nc5 12. Nd5+ Nxd5 13. exd5 Nxb3+ 14. axb3 Bxd2+ 15. Rxd2 Kd6 16. Rhd1 f6 17. Rd3 Bf5 18. dxc6+ Kxc6 19. Rd6+ Kb7 1-0

[Event "RSA-ch U16"]
[Site "Bloemfontein"]
[Date "2016.03.20"]
[Round "1"]
[White "Beukman, Eduan"]
[Black "Reddy, Ananta"]
[Result "0-1"]
[WhiteElo "1520"]
[BlackElo "1672"]
[PlyCount "90"]
[EventDate "2016.03.20"]
[EventType "swiss"]
[EventRounds "11"]
[EventCountry "RSA"]
[SourceTitle "CBM 171 Extra"]
[Source "ChessBase"]
[SourceDate "2016.04.26"]
[SourceVersion "1"]
[SourceVersionDate "2016.04.26"]
[SourceQuality "1"]

1. d4 Nf6 2. Nc3 d5 3. Bg5 Nbd7 4. Qd2 h6 5. Bf4 a6 6. f3 e6 7. e4 dxe4 8. fxe4 Bb4 9. Bd3 c5 10. a3 Ba5 11. dxc5 Nxc5 12. b4 Nxd3+ 13. cxd3 Bb6 14. Nf3 0-0 15. Rd1 Ba7 16. e5 Nh7 17. h4 f6 18. Ne4 b5 19. Rh3 Bb7 20. Nc5 Bxf3 21. Nxe6 Qb6 22. Be3 Qxe6 23. Rxf3 Bxe3 24. Qxe3 Qxe5 25. Qxe5 fxe5 26. Re3 Rfe8 27. Rc1 Nf6 28. Rc5 Rad8 29. Ke2 Nd5 30. Rg3 Nf4+ 31. Kd2 Nh5 32. Re3 Nf6 33. Ke2 Rd4 34. Rc6 e4 35. Rg3 Nh5 36. Re3 exd3+ 37. Kd2 Nf6 38. Rxd3 Rxd3+ 39. Kxd3 Rd8+ 40. Kc2 Ne4 41. Rxa6 Rd2+ 42. Kb3 Rxg2 43. Ra8+ Kh7 44. Rb8 Rg3+ 45. Kb2 Nc3 0-1

[Event "Johannesburg Tsogo Sun op"]
[Site "Johannesburg"]
[Date "2015.07.19"]
[Round "8"]
[White "Tshabalala, Ernest"]
[Black "Beukman, Eduan"]
[Result "1-0"]
[WhiteElo "1835"]
[BlackElo "1520"]
[PlyCount "41"]
[EventDate "2015.07.15"]
[EventType "swiss"]
[EventRounds "9"]
[EventCountry "RSA"]
[SourceTitle "CBM 167 Extra"]
[Source "ChessBase"]
[SourceDate "2015.09.14"]
[SourceVersion "1"]
[SourceVersionDate "2015.09.14"]
[SourceQuality "1"]

1. e4 d6 2. d4 Nf6 3. Bd3 e5 4. c3 Nbd7 5. Ne2 Be7 6. 0-0 0-0 7. f4 c6 8. Nd2 b6 9. Nf3 Qc7 10. Ng3 Re8 11. fxe5 dxe5 12. Qb3 b5 13. Nf5 Bf8 14. Ng5 Nb6 15. dxe5 Ng4 16. Nd6 Be6 17. Nxe6 fxe6 18. Bf4 Bxd6 19. exd6 Qd8 20. e5 Nd7 21. Rae1 1-0

[Event "Johannesburg Tsogo Sun op"]
[Site "Johannesburg"]
[Date "2015.07.16"]
[Round "3"]
[White "Simutowe, Musatwe"]
[Black "Beukman, Eduan"]
[Result "1-0"]
[WhiteElo "2123"]
[BlackElo "1520"]
[PlyCount "83"]
[EventDate "2015.07.15"]
[EventType "swiss"]
[EventRounds "9"]
[EventCountry "RSA"]
[SourceTitle "CBM 167 Extra"]
[Source "ChessBase"]
[SourceDate "2015.09.14"]
[SourceVersion "1"]
[SourceVersionDate "2015.09.14"]
[SourceQuality "1"]

1. e4 d6 2. d4 Nf6 3. Nc3 e5 4. Nf3 Nbd7 5. Bc4 Be7 6. 0-0 0-0 7. h3 c6 8. Bb3 Qc7 9. Re1 a6 10. a4 b6 11. Bg5 Bb7 12. Bc4 b5 13. Bf1 Bd8 14. Qc1 exd4 15. Nxd4 b4 16. Nd1 c5 17. Nf5 Nxe4 18. Bf4 Ne5 19. f3 Nf6 20. Nxd6 Qxd6 21. Bxe5 Qe6 22. Nf2 Qc6 23. Bc4 Bc7 24. Qg5 Bxe5 25. Rxe5 Rfe8 26. Rxc5 Qb6 27. a5 Qd8 28. Rd1 Qe7 29. Ng4 Nxg4 30. Qxe7 Rxe7 31. hxg4 g6 32. Kf2 Rae8 33. Rd6 Kh8 34. Rb6 Bc8 35. Rxb4 f5 36. g5 Rd8 37. Bd3 Rb7 38. Rxc8 Rxb4 39. Rxd8+ Kg7 40. b3 Rb7 41. Bxa6 Rc7 42. Bc4 1-0

[Event "RSA-ch U16"]
[Site "Waterkloof"]
[Date "2015.04.04"]
[Round "2"]
[White "Beukman, Eduan"]
[Black "Agulhas, Keegan"]
[Result "0-1"]
[WhiteElo "1388"]
[BlackElo "1716"]
[PlyCount "64"]
[EventDate "2015.04.04"]
[EventType "swiss"]
[EventRounds "9"]
[EventCountry "RSA"]
[SourceTitle "CBM 166 Extra"]
[Source "ChessBase"]
[SourceDate "2015.06.18"]
[SourceVersion "1"]
[SourceVersionDate "2015.06.18"]
[SourceQuality "1"]

1. d4 Nf6 2. Nc3 g6 3. e4 d6 4. Bg5 Bg7 5. Qd2 h6 6. Be3 Ng4 7. f3 Nxe3 8. Qxe3 0-0 9. 0-0-0 Nc6 10. Nge2 e5 11. d5 Ne7 12. g4 c6 13. h4 cxd5 14. Nxd5 Nxd5 15. exd5 f5 16. Bh3 Qa5 17. Kb1 Qb4 18. Qc3 Qxc3 19. Nxc3 a6 20. Na4 fxg4 21. fxg4 Bd7 22. Nb6 Rad8 23. Nxd7 Rxd7 24. g5 Rc7 25. Be6+ Kh7 26. b3 Rc3 27. Rde1 Rf2 28. Rc1 e4 29. Rhf1 e3 30. a4 Rcxc2 31. Rxc2 Rxf1+ 32. Ka2 Ra1# 0-1